| 000 | 00487cam a22001811a 4500 | ||
|---|---|---|---|
| 020 | _a0124241549 (v. 4) : | ||
| 040 | _cDLC | ||
| 082 | 0 | 0 | _a582 ACA 1993 A008 Or. |
| 245 | 0 | 0 | _aWater deficits and plant growth / |
| 260 |
_aNew York : _bAcademic Press, _c1968-<1983 > |
||
| 300 |
_av. <1-7 > : _bill. ; _c24 cm. |
||
| 650 | 0 | _aPlants | |
| 650 | 0 | _aGrowth (Plants) | |
| 650 | 0 | _aPlant-water relationships. | |
| 650 | 0 | _aPlant diseases. | |
| 700 | 1 | _aKozlowski, T. T. | |
| 942 | _cEK | ||
| 999 |
_c17087 _d17087 |
||